Pokémon Mystery Dungeon: All Starter Pokémon - Statistics

General Stats
  • This quiz has been taken 188 times
    187 since last reset
  • The average score is 26 of 31
Answer Stats
Game Introduced Type(s) Pokemon % Correct
RRT/BRT Electric Pikachu
98%
RRT/BBT Grass/Poison Bulbasaur
97%
RRT/BRT Water Squirtle
97%
RRT/BRT Fire Charmander
96%
RRT/BRT Water Mudkip
92%
RRT/BRT Grass Chikorita
91%
RRT/BRT Fire Cyndaquil
91%
RRT/BRT Fire Torchic
91%
RRT/BRT Water Totodile
91%
EoT/EoD Fire Chimchar
89%
EoT/EoD Water Piplup
89%
RRT/BRT Grass Treecko
89%
EoT/EoD Grass Turtwig
89%
GTI Grass Snivy
88%
GTI Fire Tepig
88%
SMD Water Froakie
86%
SMD Grass Chespin
85%
GTI Water Oshawott
85%
RRT/BRT Normal Eevee
84%
SMD Fire Fennekin
84%
EoS Fighting Riolu
84%
RRT/BRT Fighting Machop
83%
RRT/BRT Normal Meowth
83%
GTI Dragon Axew
80%
RRT/BRT Ground Cubone
74%
RRT/BRT Normal Skitty
71%
EoS Electric Shinx
68%
RRT/BRT Water Psyduck
67%
EoT/EoD Normal Munchlax
61%
EoS Fire Vulpix
57%
EoS Ground Phanpy
53%
No matching quizzes found
Score Distribution
Percent of People with Each Score
Percentile by Number Answered
Your Score History
You have not taken this quiz since the last reset